000 00696nam a2200289Ia 4500
005 20260324122527.0
008 008 260324s9999 xx 000 0 eng d
020 _a9781315600086
037 _aEBOOK
040 _aCRL
040 _beng
040 _cCRL
041 _2eng
041 _aeng
084 _qCRL
100 _aBrian Maidment; Keith Hanley
_91166792
245 0 _aPersistent Ruskin
245 0 _bStudies in Influence, Assimilation and Effect
260 _bTaylor and Francis
260 _c2013
365 _a
365 _b240
856 _uhttp://www.taylorfrancis.com/books/9781315600086
942 _cEBOOK
999 _c1759614
_d1759614